| 000 | 00593nam a22001937a 4500 | ||
|---|---|---|---|
| 005 | 20180806150632.0 | ||
| 010 | _aENG-123808 | ||
| 020 |
_a9788171772476 _c1050.00 |
||
| 035 | _aEN-107340 | ||
| 037 | _bDBAD/PUB | ||
| 082 | _a354.540234 | ||
| 100 | _aDe, Kumar Ranadhir | ||
| 245 |
_aContempt of courts : _cby Ranadhir Kumar De _blaw & practice / |
||
| 260 |
_aKolkata _bEastern Law House Private Ltd. _c2012 |
||
| 270 |
_a54 Ganesh Chunder Avenue, _bKolkata _e700013 |
||
| 300 |
_a687p. _c24cm. (Hb) |
||
| 500 | _aIt includes index | ||
| 942 |
_2ddc _cEN _h345.540234 _mDER |
||
| 999 |
_c155369 _d155369 |
||